000 00879cab a2200277 4500
001 ABS53128
008 090401t1995 xxu||||| |||| 00| 0 eng d
035 _a(Sirsi) u2282
041 _aeng
100 _aDollar, P.
245 _aNew covenants for title
260 _c1995
350 _a0
490 _aProperty Review
_v5(5) June 1995, 141-144(4)
520 _aExamines the effect of the Law of Property (Miscellaneous Provisions) Act 1994, in force from 1 July 1995, on covenants for title.
650 _aCONVEYANCING
650 _aCOVENANTS FOR TITLE
650 _aIMPLIED COVENANTS
650 _aLAND REGISTRATION (IMPLIED COVENANTS FOR TITLE) RULES 1995
650 _aHM LAND REGISTRY
650 _aLAW OF PROPERTY (MISCELLANEOUS PROVISIONS) ACT 1994
690 _aPROPERTY LAW AND PRACTICE
700 _aBryant, V.
942 _n0
948 _c04/03/1997
999 _c1377
_d1377